000 00307nam a22000977a 4500
008 150723b xxu||||| |||| 00| 0 eng d
010 _8HCCRSARF:035
245 _aHIGH COURT CRIMINAL SESSION NO.33 OF 1976 Uganda Vs Severio Odoch
260 _aHigh Court Kampala
500 _3BEFORE: Hon. Mr. Justice M.C. Kantinti
999 _c8085
_d8085